000 02772cam a22004454i 4500
003 PE-LiUPU
005 20250731165419.0
008 151216s2012 pe a grm 000 0 spa d
035 _a(Sirsi) a155527
040 _aPE-LiUPU
_bspa
_cPE-LiUPU
_erda
099 _aTIS 3
_bCH31 2012
100 1 _aChávez Velásquez, Juan Raúl
_eautor
245 1 _aMotor de búsqueda basado en la indización estadística de términos por frecuencias (IETF) y N-Grams y su efectividad en la optimización de búsqueda de información científica de las bibliotecas virtuales con protocolo Z39.50 /
_Juan Raúl Chávez Velásquez.
264 0 _c2012.
300 _a72 hojas :
_bilustraciones;
_c30 cm
336 _atext
_2rdacontent
337 _aunmediated
_2rdamedia
338 _avolume
_2rdacarrier
502 _aTesis
_b(Mg.) --
_cUniversidad Peruana Unión,
_d2012.
504 _aIncluye referencias
520 3 _aEl presente trabajo de investigación tiene como objetivo determinar el grado de efectividad del motor de búsqueda basado en indización estadística de términos por frecuencias y N-Grams en la optimización de búsqueda de información científica de las bibliotecas virtuales. - El tipo de investigación es evaluativo porque analiza la teoría de minería de texto y motores de búsqueda para bibliotecas para adaptar al protocolo estándar de Z39.50. Es positiva porque pretende reducir el tiempo de búsqueda que se hace en los buscadores de tesis y artículos científicos. La técnica de muestra que se utilizó es por conveniencia, porque los artículos a buscar tienen que estar en ambas bases de datos de las bibliotecas virtuales de tal forma que se pueda realizar las comparaciones respecto al tiempo de búsqueda. Para el análisis de los datos se utilizó la prueba de t-student para muestras relacionadas. De los resultados, se concluyó que: el Motor de Búsqueda basado en la Indización Estadística de Términos por Frecuencias y N-Grams logra mejorar la efectividad de optimización de búsqueda de información científica de las bibliotecas virtuales en un 32% en comparación con el motor de búsqueda convencional basado en listas ordenadas, metadatos, palabras claves, etc.
526 _aSEG44
526 _aSEG26
526 _aP151
526 _aP150
526 _aP149
526 _aP146
526 _aP145
526 _aP126
526 _aP125
526 _aP92
526 _aP75
526 _aP74
526 _aP27
526 _aP15
650 0 4 _aBibliotecas virtuales
_xBúsqueda
_xTecnología.
596 _a1
942 _2ddc
_cTESIS
999 _aTIS 3 CH31 2012
_wALPHANUM
_c8200
_iT01313
_lCCODEBUL3
_mBUL
_r1
_sY
_tTESIS
_u2015-12-16
_xPOSGRADO
_PP74
_o.STAFF. Tesis
_d8200
980 _81
_gALBERTO SANCHEZ Responsable de Automatización